000 00683nam a2200205 a 4500
001 000031093
003 DO-SdBNP
005 20250310104457.0
008 110613nuuuuuuuudr a 000 | spa d
040 _aDO-SdBNP
_bspa
_cBNPHU
049 _aBNPD
082 _axxx
_bI431t
245 0 3 _aLas infecciones de transmisión sexual.
260 _aSanto Domingo :
_bFondo Mundial de Lucha Contra el SIDA ;
_bCOPRESIDA,
_c[s.f.].
300 _a30 p. :
_bil. ;
_c21 cm.
490 1 _aJuventud para la civilización del amor
_v4
710 2 _aConsejo Presidencial del SIDA (República Dominicana)
_970981
830 0 _aJuventud para la civilización del amor;
_n4
_957570
942 _2ddc
_cLBS1
999 _c30585
_d30585